Elements of ptial differential equations (Record no. 7189)

MARC details
000 -LEADER
fixed length control field 00506nam a2200169Ia 4500
003 - CONTROL NUMBER IDENTIFIER
control field IN-BaIIA
008 - FIXED-LENGTH DATA ELEMENTS--GENERAL INFORMATION
fixed length control field 211028s9999 xx 000 0 eng d
020 ## - INTERNATIONAL STANDARD BOOK NUMBER
International Standard Book Number 0-07-085740-7
040 ## - CATALOGING SOURCE
Transcribing agency IIA Library
080 ## - UNIVERSAL DECIMAL CLASSIFICATION NUMBER
Universal Decimal Classification number 517.95
Item number SNE
100 ## - MAIN ENTRY--PERSONAL NAME
Personal name Sneddon, Ian N
9 (RLIN) 2807
245 #0 - TITLE STATEMENT
Title Elements of ptial differential equations
Statement of responsibility, etc. Ian N Sneddon
260 ## - PUBLICATION, DISTRIBUTION, ETC.
Place of publication, distribution, etc. Tokyo
Name of publisher, distributor, etc. McGraw-Hill
Date of publication, distribution, etc. 1957
300 ## - PHYSICAL DESCRIPTION
Extent ix, 327p.
650 ## - SUBJECT ADDED ENTRY--TOPICAL TERM
Topical term or geographic name entry element ptial differential equations
9 (RLIN) 11699
942 ## - ADDED ENTRY ELEMENTS (KOHA)
Koha item type Books
Holdings
Withdrawn status Lost status Damaged status Not for loan Home library Current library Shelving location Date acquired Total Checkouts Full call number Barcode Date last seen Price effective from Koha item type
        IIA Library-Bangalore IIA Library-Bangalore General Stacks 07/10/1982   517.95/ SNE 7988 05/11/2021 07/10/1982 Books

Powered by Koha